00565nam a2200193Ia 4500008004000000041000800040082001200048100001700060245003400077260002600111650001400137650001500151650000700166650001000173690002200183906001100205999001900216952013600235210210b1913 xxu||||| |||| 00| 0 eng d aeng a320/359 aMAC CUNN (J) aPolitical philosophy of Burke abNot Mentionedc1913 aPolitical aphilosophy aof aBurke aPolitical Science a003005 c118335d118335 001040708Political ScienceaALbALcPolitical Scienced2021-02-17g0.00l0o320/359p003005r2021-02-17 00:00:00w2021-02-17yBK